000
00259nam a22001217a 4500
020
_a
9789380836201
082
_a
070.43
100
_a
Monita Singh
245
_a
Art of reporting
260
_a
New Delhi
_b
Centrum press
_c
2010
300
_a
295p
942
_c
BK
999
_c
2763
_d
2763